| 000 | 00857nam a2200241Ia 4500 | ||
|---|---|---|---|
| 001 | 461 | ||
| 003 | GE_BSU | ||
| 008 | 181216s||||||||xx |||||||||||||| ||und|| | ||
| 020 | _a5505019781 | ||
| 040 | _cGE_BSU | ||
| 080 | _a51(075.8) | ||
| 100 | _aდოგრაშვილი,ავთანდილ | ||
| 245 | _aმათემატიკა | ||
| 245 | _bსახ–ლო დაწყებითი განათლების, პედაგოგიკის და მეთოდიკის ფაკ–ის სტუდენტებისათვის. | ||
| 245 | _cრედ. გურამ ჩაჩანიძე | ||
| 260 | _aთბილისი | ||
| 260 | _bგანათლება | ||
| 260 | _c1996 | ||
| 300 | _a222გვ. | ||
| 541 | _h8ლ. | ||
| 653 | _aმათემატიკა | ||
| 942 | _cBK | ||
| 999 |
_c34677 _d34677 |
||